На стыке науки и экономики; Нефть России; № 1

Bibliografiset tiedot
Parent link:Нефть России: аналитический журнал.— , 1996, 1999-2012
№ 1.— 2003.— С. 70-72
Päätekijä: Шахвердиев А.
Kieli:venäjä
Julkaistu: 2003
Sarja:Сессия №5
Aiheet:
Aineistotyyppi: Kirjan osa
KOHA link:https://koha.lib.tpu.ru/cgi-bin/koha/opac-detail.pl?biblionumber=384273

MARC

LEADER 00000naa2a2200000 4500
001 384273
005 20231101063231.0
035 |a (RuTPU)RU\TPU\prd\10789 
090 |a 384273 
100 |a 20030219a2003 k y0rusy50 ca 
101 0 |a rus 
102 |a RU 
200 1 |a На стыке науки и экономики  |f А. Шахвердиев 
225 1 |a Сессия №5 
461 1 |0 (RuTPU)RU\TPU\prd\1610  |t Нефть России  |o аналитический журнал  |d 1996, 1999-2012 
463 1 |0 (RuTPU)RU\TPU\prd\10554  |t № 1  |v С. 70-72  |d 2003 
610 1 |a топливно-энергетические комплексы 
610 1 |a научно-исследовательская деятельность 
610 1 |a финансирование 
610 1 |a разработка месторождений 
610 1 |a наукоемкие технологии 
610 1 |a налоговая политика 
700 1 |a Шахвердиев  |b А. 
801 1 |a RU  |b 63413507  |c 20030219  |g PSBO 
801 2 |a RU  |b 63413507  |c 20130801  |g RCR 
942 |c BK